|
|
|
|
| LEADER |
00000naa2a2200000 4500 |
| 001 |
183476 |
| 005 |
20260113115304.0 |
| 035 |
|
|
|a (RuTPU)RU\TPU\book\198889
|
| 090 |
|
|
|a 183476
|
| 100 |
|
|
|a 20100722d2004 k y0rusy50 ca
|
| 101 |
0 |
|
|a rus
|
| 102 |
|
|
|a RU
|
| 200 |
1 |
|
|a Синергетическая парадигма и устойчивое развитие общества
|f Д. В. Карловец
|
| 320 |
|
|
|a Библиогр.: 10 назв.
|
| 461 |
|
1 |
|0 (RuTPU)RU\TPU\book\66154
|t Современные техника и технологии
|o X Юбилейная международная научно-практическая конференция студентов, аспирантов и молодых ученых, посвященная 400-летию г. Томска, Томск, 29 марта - 2 апреля 2004 г.
|o труды
|f Томский политехнический университет
|d 2004
|
| 463 |
|
1 |
|0 (RuTPU)RU\TPU\book\65883
|t Т. 2
|v С. 356-358
|d 2004
|
| 610 |
1 |
|
|a общество
|
| 610 |
1 |
|
|a развитие
|
| 610 |
1 |
|
|a парадигмы
|
| 610 |
1 |
|
|a синергетика
|
| 610 |
1 |
|
|a труды учёных ТПУ
|
| 700 |
|
1 |
|a Карловец
|b Д. В.
|c физик
|c научный сотрудник Томского политехнического университета, кандидат физико-математических наук
|f 1983-
|g Дмитрий Валерьевич
|3 (RuTPU)RU\TPU\pers\25889
|
| 801 |
|
1 |
|a RU
|b 63413507
|c 20100722
|
| 801 |
|
2 |
|a RU
|b 63413507
|c 20140329
|g RCR
|
| 942 |
|
|
|c BK
|